000
00323nam a2200145Ia 4500
100
_a
Rees/Paul K/Sparks/Fred W
942
_c
BK
654
_a
calculus
245
_a
Calculus With analytic Geometry
260
_b
McGraw Hill
_a
Newyork
_c
1969
082
_a
515.15
_b
Ree
300
_a
617
546
_a
ENGLISH
999
_c
31084
_d
31084